Feasibility of ratooning in Hevea: Early growth performance (Record no. 52620)

MARC details
000 -LEADER
fixed length control field 00592nam a2200169Ia 4500
100 ## - MAIN ENTRY--AUTHOR NAME
Personal name Madhavan J.
245 #0 - TITLE STATEMENT
Title Feasibility of ratooning in Hevea: Early growth performance
260 ## - PUBLICATION, DISTRIBUTION, ETC. (IMPRINT)
Name of publisher Placrosym XV, 2002, Mysore, India. (Eds. K. Sreedharan, P.K. Vinod Kumar, Jayarama and Basavaraja M. Chaluki). Central Coffee Research Institute, Karnataka, India, pp. 95-101.
Year of publication 2002
650 ## - SUBJECT ADDED ENTRY--TOPICAL TERM
Topical Term Ratooning
650 ## - SUBJECT ADDED ENTRY--TOPICAL TERM
Topical Term Sprouting
700 ## - ADDED ENTRY--PERSONAL NAME
Personal name Abraham S.T.
700 ## - ADDED ENTRY--PERSONAL NAME
Personal name Nair R.B.
700 ## - ADDED ENTRY--PERSONAL NAME
Personal name Pothen J.
700 ## - ADDED ENTRY--PERSONAL NAME
Personal name Varghese Y.A.
942 ## - ADDED ENTRY ELEMENTS (KOHA)
Koha item type Bibliography STAF
Holdings
Withdrawn status Lost status Damaged status Not for loan Home library Current library Date acquired Koha item type
      Bibliography RRII Library RRII Library 09/04/2014 Bibliography STAF